<?xml version="1.0" encoding="UTF-8"?>
<record
    xmlns:xsi="http://www.w3.org/2001/XMLSchema-instance"
    xsi:schemaLocation="http://www.loc.gov/MARC21/slim http://www.loc.gov/standards/marcxml/schema/MARC21slim.xsd"
    xmlns="http://www.loc.gov/MARC21/slim">

  <leader>01608nam a22001577a 4500</leader>
  <controlfield tag="008">180416b        xxu||||| |||| 00| 0 eng d</controlfield>
  <datafield tag="020" ind1=" " ind2=" ">
    <subfield code="a">9780176442538</subfield>
  </datafield>
  <datafield tag="050" ind1=" " ind2=" ">
    <subfield code="a">HA29. H42</subfield>
  </datafield>
  <datafield tag="100" ind1=" " ind2=" ">
    <subfield code="a">Healy, Joseph  F.</subfield>
  </datafield>
  <datafield tag="245" ind1=" " ind2=" ">
    <subfield code="a">Statistics: a tool for social research. /</subfield>
    <subfield code="c">Joseph F. Healy</subfield>
  </datafield>
  <datafield tag="260" ind1=" " ind2=" ">
    <subfield code="a">Toronto:</subfield>
    <subfield code="b">Nelson Education Ltd,</subfield>
    <subfield code="c">2010.</subfield>
  </datafield>
  <datafield tag="300" ind1=" " ind2=" ">
    <subfield code="a">xxiv, 586p. : ills;</subfield>
    <subfield code="c">24cm.</subfield>
  </datafield>
  <datafield tag="500" ind1=" " ind2=" ">
    <subfield code="a">Includes  index.</subfield>
  </datafield>
  <datafield tag="505" ind1=" " ind2=" ">
    <subfield code="a">Contents: Chapter 1: Introduction -- Part I: Descriptive statistics: Chapter 2: Basic descriptive statistics: Percentages, ratios and rates, tables, charts and graphs -- Chapter 3: Measures of central tendency -- Chapter 4: Measure of Dispersion -- Chapter 5: The normal curve -- Part II: Inferential statistics: Chapter 6: Introduction to inferential statistics: Sampling and the sampling distribution -- Chapter 7: Estimation procedures -- Chapter 8: Hypothesis testing I: The One-Sample case -- Chapter 9: Hypothesis testing II: The two-sample case -- Chapter 10: Hypothesis testing III: The analysis of variance -- Chapter 11: Hypothesis testing IV: Chi square -- Part III: Bivariate measures of association: Chapter 12: Bivariate association: Introduction and basic concepts -- Chapter 13: Association between variable measured at the nominal level -- Chapter 14: Association between variables measured at the ordinal level -- Chapter 15: Association between variables measured at the interval-ratio level -- Part IV: Multivariate techniques: Chapter 16: Elaborating bivariate tables -- Chapter 17: Partial correlation and multiple regression and correlation.</subfield>
  </datafield>
  <datafield tag="942" ind1=" " ind2=" ">
    <subfield code="2">lcc</subfield>
    <subfield code="c">BK</subfield>
  </datafield>
  <datafield tag="999" ind1=" " ind2=" ">
    <subfield code="c">6564</subfield>
    <subfield code="d">14064</subfield>
  </datafield>
  <datafield tag="952" ind1=" " ind2=" ">
    <subfield code="0">0</subfield>
    <subfield code="1">0</subfield>
    <subfield code="2">lcc</subfield>
    <subfield code="4">0</subfield>
    <subfield code="7">0</subfield>
    <subfield code="a">WIUC-1</subfield>
    <subfield code="b">WIUC-1</subfield>
    <subfield code="c">REF</subfield>
    <subfield code="d">2019-10-18</subfield>
    <subfield code="o">HA29. H42</subfield>
    <subfield code="p">K/100/100/19</subfield>
    <subfield code="r">2018-04-16 00:00:00</subfield>
    <subfield code="w">2018-04-16</subfield>
    <subfield code="y">BK</subfield>
  </datafield>
</record>
